Catálogo público

Los parásitos de la vid : (Record no. 200783)

MARC details
000 -CABECERA
campo de control de longitud fija 00781nam a2200265Ia 4500
001 - NÚMERO DE CONTROL
campo de control Para_2297
003 - IDENTIFICADOR DEL NÚMERO DE CONTROL
campo de control CHAP
008 - DATOS DE LONGITUD FIJA--INFORMACIÓN GENERAL
campo de control de longitud fija 220125s1992 xx 000 0 und d
010 ## - NÚMERO DE CONTROL DE LA BIBLIOTECA DEL CONGRESO
Número de control de LC 200783
040 ## - FUENTE DE LA CATALOGACIÓN
Centro/agencia transcriptor CHAP
082 ## - NÚMERO DE LA CLASIFICACIÓN DECIMAL DEWEY
Número de clasificación PA 641.348 M5 1992
110 ## - ENTRADA PRINCIPAL--NOMBRE DE ENTIDAD CORPORATIVA
Nombre de entidad corporativa o nombre de jurisdicción como elemento de entrada Ministerio de Agricultura, Pesca y Alimentación. España
9 (RLIN) 165626
245 ## - MENCIÓN DE TÍTULO
Título Los parásitos de la vid :
Resto del título estrategias de protección razonada /
Mención de responsabilidad, etc. por MAPA-Mundi-prensa
250 ## - MENCIÓN DE EDICIÓN
Mención de edición 3a. ed. rev. y ampl
260 ## - PUBLICACIÓN, DISTRIBUCIÓN, ETC.
Lugar de publicación, distribución, etc. Madrid :
Nombre del editor, distribuidor, etc. El ministerio-Mundi-prensa
300 ## - DESCRIPCIÓN FÍSICA
Extensión 304 p.
650 ## - PUNTO DE ACCESO ADICIONAL DE MATERIA--TÉRMINO DE MATERIA
Término de materia o nombre geográfico como elemento de entrada Vid
Subdivisión general plagas
9 (RLIN) 119131
901 ## - ELEMENTOS DE DATOS A LOCAL LDA (RLIN)
a PA 641.348 M5 1992
902 ## - ELEMENTOS DE DATOS B LOCAL, LDB (RLIN)
a M
905 ## - ELEMENTOS DE DATOS E LOCAL, LDE (RLIN)
a 0000001992 a 0000000000 00
910 ## - DATOS DE OPCIÓN DEL USUARIO (OCLC)
Datos de opción del usuario 1992
942 ## - ELEMENTOS DE PUNTO DE ACCESO ADICIONAL (KOHA)
Tipo de ítem Koha Parasitologia_
942 ## - ELEMENTOS DE PUNTO DE ACCESO ADICIONAL (KOHA)
Tipo de ítem Koha Parasitologia_
-- 1
Holdings
Estado de retiro Estado de pérdida Fuente del sistema de clasificación o colocación Estado dañado Restricciones de uso No para préstamo Código de colección Localización permanente Ubicación/localización actual Fecha de adquisición Número de inventario Total de préstamos Renovaciones totales Signatura topográfica completa Código de barras Fecha visto por última vez Fecha del último préstamo Número de copia Precio válido a partir de Tipo de ítem Koha Nota pública
    Dewey Decimal Classification   Préstamo 3 días   General Parasitologia Agricola Parasitologia Agricola 27/10/2005 (PA_8139) (No. UACh 188101) 2 2 PA 641.348 M5 1992 4102003833 24/04/2024 22/04/2024 Ej.2 25/01/2022 Libro 3
    Dewey Decimal Classification   Préstamo interno   General Parasitologia Agricola Parasitologia Agricola 27/10/2005 (PA_8006) (No. UACh 188101)     PA 641.348 M5 1992 4102003832 25/01/2022   Ej.1 25/01/2022 Libro 3